LIBRARY & INFORMATION CENTRE, KCAET, TAVANUR

ONLINE PUBLIC ACCESS CATALOGUE (OPAC)

Development of a high-rate anaerobic bioreactor for energy production from rice-mill effluent (Record no. 14944)

MARC details
000 -LEADER
fixed length control field 00737nam a22001817a 4500
003 - CONTROL NUMBER IDENTIFIER
control field OSt
088 ## - REPORT NUMBER
Report number T 210
100 ## - MAIN ENTRY--AUTHOR NAME
Personal name JOEJOE L. BOVAS
245 ## - TITLE STATEMENT
Title Development of a high-rate anaerobic bioreactor for energy production from rice-mill effluent
260 ## - PUBLICATION, DISTRIBUTION, ETC. (IMPRINT)
Place of publication Tavanur 2009
Name of publisher Department of Farm Power, Machinery and Energy
300 ## - PHYSICAL DESCRIPTION
Number of Pages 170
500 ## - GENERAL NOTE
General note Development of a high-rate anaerobic bioreactor for energy production from rice-mill effluent
520 ## - SUMMARY, ETC.
Summary, etc Development of a high-rate anaerobic bioreactor for energy production from rice-mill effluent
700 ## - ADDED ENTRY--PERSONAL NAME
Personal name Dr, Shaji James P (Guide)
856 ## - ELECTRONIC LOCATION AND ACCESS
Uniform Resource Identifier https://drive.google.com/open?id=1QAGMMuAUTGzYKFGZsjWR3QzfEn49tGSR
942 ## - ADDED ENTRY ELEMENTS (KOHA)
Koha item type Theses
Holdings
Collection code Home library Current library Shelving location Full call number Accession Number Koha item type Public note
Reference KAUAET KAUAET Reference 631.3 BOV/DE T 210 Theses M.Tech Thesis
free website counter